000 00343nam a2200145Ia 4500
005 20251222144731.0
008 251222s9999||||xx |||||||||||||| ||spa||
020 _a978-84-245-0004-7
082 _a808.831/P96
100 _aPropp, Vladimir
245 0 _aMorfologĂ­a del Cuento:
250 _a13a.ed.
264 _bFundamentos
942 _cLIB
999 _c18606
_d18606